The AIDS booklet / (Record no. 5795)

MARC details
000 -LEADER
fixed length control field 00648cam a2200193 a 4500
020 ## - INTERNATIONAL STANDARD BOOK NUMBER
ISBN 0697262618
020 ## - INTERNATIONAL STANDARD BOOK NUMBER
ISBN 9780697262615
050 00 - CALL NUMBER
Classification number RA644.A25
Item number C72
100 1# - AUTHOR
Personal name Cox, Frank D.
245 14 - TITLE
Title The AIDS booklet /
Statement of responsibility, etc Frank D. Cox.
250 ## - EDITION
Edition statement 4th ed.
260 ## - PUBLICATION INFORMATION
Place of publication Madison, WI :
Name of publisher Brown & Benchmark Publishers,
Year of publication c1996.
300 ## - DESCRIPTION
Number of Pages ix, 67 p. :
Other physical details ill. ;
Dimensions 23 cm.
505 ## - FORMATTED CONTENTS NOTE
Table of Content pt.1. What is Aids?<br/>pt.2. How many people have Aids? Where are they ? who are they?<br/>pt.3. How do you get Aids?<br/>pt.4. How can you prevent Aids?<br/>
650 #0 - SUBJECTS
Topical Term AIDS (Disease)
650 #0 - SUBJECTS
Topical Term AIDS (Disease)
650 #0 - SUBJECTS
Topical Term AIDS (Disease)
General subdivision Prevention.
942 ## - ADDED ENTRY ELEMENTS (KOHA)
Koha item type Books
Holdings
Withdrawn status Lost status Home library Current library Shelving location Date acquired Full call number Accession Number Koha item type Collection code
    Methodist University Library Main Methodist University Library Main General Stacks   RA644.A25 C72 17247 Books  
    Methodist University Library Main Methodist University Library Main General Stacks   RA644.A25 C72 17248 Books  
    Methodist University Library Main Methodist University Library Main General Stacks   RA644.A25 C72 17246 Books  
    Methodist University Library Main Methodist University Library Main General Stacks   RA644.A25 C72 17250 Books  
    Methodist University Library Main Methodist University Library Main General Stacks   RA644.A25 C72 17244 Books Reference
Copyright © 2026  MUG Library